00294 a2200133 450000100060000002000180000604000220002410000250004624000320007124500270010330000080013036200090013865000130014764067 a9788575593653 cAnchieta - Pituba aWood, Ellen Meiksins10aO império do capitallpor10aO império do capital a1510 a2014 4aSistemas